000 00456nam a2200193Ia 4500
008 170918s9999 xx 000 0 und d
020 _a9780439712774
050 _bS787 2003
100 _aStanley, Diane
245 _aGoldie and the three bears /
245 _cDiane Stanley.
260 _aNew York :
260 _bScholastic,
260 _c2003
300 _aunpaged :
300 _bcolored illustration ;
300 _c28cm.
500 _a380
999 _c341291
_d341291